| 000 | 00665nam a22001815i 4500 | ||
|---|---|---|---|
| 001 | 154467 | ||
| 003 | ES-MaACL | ||
| 005 | 20230906205737.0 | ||
| 008 | 040708s1889 mx |||| | spa d | ||
| 040 |
_aCAM _bspa _cCAM |
||
| 100 | 1 |
_aGómez Portugal, Manuel. _9127701 |
|
| 245 | 1 | 0 |
_aDr. Jesús Díaz de León _b: perfil biográfico / _cpor Manuel Gómez Portugal. |
| 260 |
_aAguascalientes : _b[s.n.], _c1889 ( _fTip. de T. Pedroza) |
||
| 300 |
_a17 p. ; _c21 cm. |
||
| 596 | _aDato de imp. consta en la cub. | ||
| 600 | 1 | 4 |
_aDíaz de León, Jesús. _944239 |
| 852 |
_aES-MaACL _jT-555-F-9 _z-- Enc. hol., conservando cub. original _z-- Enc. en un vol. facticio |
||
| 999 |
_c154467 _d154467 |
||